| 000 | 01993nam0a2200337 4500 | ||
|---|---|---|---|
| 001 | RU\NLR\BIBL_A\022739293 | ||
| 005 | 20260426080714.0 | ||
| 010 |
_a978-5-91326-987-4 _9100 |
||
| 021 |
_aRU _bКН-П-25-082711 _9КН-П-25-8004 |
||
| 035 | _a(NLR Aleph) 022739293 | ||
| 090 |
_a13696971 _c13696971 |
||
| 100 | _a20260227d2025 k y0rusy50 ca | ||
| 101 | 0 | _arus | |
| 102 | _aRU | ||
| 105 | _ay j 000yy | ||
| 181 | 0 |
_ai4 _baxxe |
|
| 182 | 0 | _an | |
| 200 | 1 |
_aПотребительские договоры _eучебное пособие _eдля студентов ННГУ, обучающихся по направлению подготовки 40.04.01 "Юриспруденция" _fА. К. Балдин, А. Ю. Бурова _gМинистерство науки и высшего образования Российской Федерации, Национальный исследовательский Нижегородский государственный университет имени Н. И. Лобачевского, Юридический факультет |
|
| 203 |
_aТекст _bвизуальный _cнепосредственный |
||
| 210 |
_aНижний Новгород _cИзд-во Нижегородского государственного университета им. Н. И. Лобачевского _d2025 |
||
| 215 |
_a124, [1] с. _d21 |
||
| 320 | _aБиблиогр. в конце кн. (64 назв.) | ||
| 606 | 1 |
_aДоговоры потребительские _jУчебные издания для высших учебных заведений _yРоссийская Федерация _92448166 _3RU\NLR\AUTH\661455828 |
|
| 686 | 1 | _aХ623.210.6я73 | |
| 686 | 1 | _aХ623.204я73 | |
| 700 | 1 |
_aБалдин _bА. К. _gАлександр Константинович |
|
| 701 | 1 |
_aБурова _bА. Ю. _gАлександра Юрьевна |
|
| 942 | _cBOOK | ||
| 980 | _aNB | ||